[Event "NRW-Liga I 9495"]
[Site "Germany"]
[Date "1995.??.??"]
[Round "?"]
[White "Werbeck, Torsten"]
[Black "Coenen, Norbert"]
[Result "1/2-1/2"]
[WhiteElo "2275"]
[BlackElo "2315"]

1.d4 Nf6 2.c4 g6 3.Nc3 d5 4.cxd5 Nxd5 5.e4 Nxc3 6.bxc3 Bg7 7.Bb5+ c6 8.Ba4 O-O
9.Ne2 Be6 10.Bb3 Bxb3 11.Qxb3 b5 12.O-O Nd7 13.f4 Nb6 14.f5 Nc4 15.fxg6 fxg6
16.Bg5 Qd7 17.h3 e5 18.dxe5 Bxe5 19.Rfd1 Qf7 20.Rf1 Qc7 21.Bh6 Bg7 22.Bxg7 Kxg7
23.Nd4 Kh8 24.Qb4 Rxf1+ 25.Rxf1 c5  1/2-1/2

[Event "NRW-Liga I 9495"]
[Site "Germany"]
[Date "1995.??.??"]
[Round "?"]
[White "Werbeck, Torsten"]
[Black "Brenke, Andreas"]
[Result "1/2-1/2"]
[WhiteElo "2275"]
[BlackElo "2285"]

1.d4 Nf6 2.c4 g6 3.Nc3 d5 4.cxd5 Nxd5 5.e4 Nxc3 6.bxc3 Bg7 7.Rb1 O-O 8.Nf3 c5
9.Be2 cxd4 10.cxd4 Qa5+ 11.Qd2 Qxd2+ 12.Bxd2 b6 13.O-O Bb7 14.d5 Ba6 15.Bxa6 Nxa6
16.Bg5 Rfe8 17.Rfc1 Kf8 18.Rc4 Rec8 19.Rbc1 Rxc4 20.Rxc4 Ke8  1/2-1/2

[Event "BL2-S9495"]
[Site "Germany"]
[Date "1995.??.??"]
[Round "?"]
[White "Kaiser, Wolfgang"]
[Black "Baum, Bernd"]
[Result "1-0"]
[WhiteElo "2365"]
[BlackElo "2265"]

1.d4 Nf6 2.c4 g6 3.Nc3 d5 4.cxd5 Nxd5 5.e4 Nxc3 6.bxc3 Bg7 7.Bc4 c5 8.Ne2 Nc6
9.Be3 O-O 10.Rc1 cxd4 11.cxd4 Bd7 12.O-O Rc8 13.h3 e6 14.f4 Na5 15.Bd3 f5
16.exf5 gxf5 17.d5 b6 18.Ba6 Rxc1 19.Nxc1 Qf6 20.Rf3 exd5 21.Rg3 Qc6 22.Nd3 Kh8
23.Nb4 Qd6 24.Bd4 Rf7 25.Nxd5 Nc6 26.Bxg7+ Rxg7 27.Qa1 Qc5+ 28.Kh2 Qd4 29.Qxd4 Nxd4
30.Rd3 Ne6 31.Nf6 Bc6 32.g3 Rc7 33.Rd6 Nf8 34.Bd3 Ng6 35.Bxf5 Kg7 36.Be4 Bxe4
37.Ne8+ Kf8 38.Nxc7 Ke7 39.Re6+ Kd7 40.Rxe4 Kxc7 41.f5  1-0

[Event "Bundesliga 9495"]
[Site "Germany"]
[Date "1995.??.??"]
[Round "?"]
[White "Hort, Vlastimil"]
[Black "Roos, Daniel"]
[Result "1/2-1/2"]
[WhiteElo "2555"]
[BlackElo "2455"]

1.c4 Nf6 2.Nc3 d5 3.cxd5 Nxd5 4.d4 g6 5.e4 Nxc3 6.bxc3 Bg7 7.Bc4 c5 8.Ne2 Nc6
9.Be3 O-O 10.O-O Qc7 11.Rc1 Rd8 12.h3 b6 13.f4 e6 14.Qd2 Na5 15.Bd3 f5 16.Ng3 Bb7
17.Rfd1 Rac8 18.Qf2 cxd4 19.Bxd4 fxe4 20.Bxe4 Bxd4 21.cxd4 Qxc1 22.Rxc1 Rxc1+
23.Kh2 Rc7  1/2-1/2

[Event "Bundesliga 9495"]
[Site "Germany"]
[Date "1995.??.??"]
[Round "?"]
[White "Lingnau, Carsten"]
[Black "Roos, Daniel"]
[Result "1/2-1/2"]
[WhiteElo "2400"]
[BlackElo "2455"]

1.d4 Nf6 2.c4 g6 3.Nc3 d5 4.cxd5 Nxd5 5.e4 Nxc3 6.bxc3 Bg7 7.Nf3 O-O 8.Be2 c5
9.Rb1 Nd7 10.O-O Qc7 11.Be3 Nf6 12.Nd2 e5 13.dxc5 Be6 14.Qa4 Rfc8 15.Bc4 Bxc4
16.Qxc4 Bf8 17.h3 Bxc5 18.Qxc5 Qxc5 19.Bxc5 Rxc5 20.Rxb7 Rd8 21.Nf3 Nxe4
22.Re1 Nd6 23.Rxa7 e4 24.Nd2 f5 25.Nb3 Rxc3 26.Rd1 Rd3 27.Rc1 Nb5 28.Rb7 Rd1+
29.Rxd1 Rxd1+ 30.Kh2 Nc3 31.Nc5 Rd6 32.a3 Rc6 33.Nd7 f4 34.Rb8+ Kg7 35.Rb7 Kg8
36.Rb8+ Kg7 37.Rb7  1/2-1/2

[Event "Bundesliga 9495"]
[Site "Germany"]
[Date "1995.??.??"]
[Round "?"]
[White "Reeh, Oliver"]
[Black "Muse, Mladen"]
[Result "1/2-1/2"]
[WhiteElo "2450"]
[BlackElo "2455"]

1.d4 Nf6 2.c4 g6 3.Nc3 d5 4.cxd5 Nxd5 5.e4 Nxc3 6.bxc3 Bg7 7.Bb5+ c6 8.Ba4 b5
9.Bb3 b4 10.Qf3 e6 11.Ne2 Ba6 12.cxb4 Bxe2 13.Kxe2 Qxd4 14.Rb1 O-O 15.a3 Qb6
16.Qd3 Rd8 17.Qc2 Nd7 18.Bc4 c5 19.Be3 Bd4 20.bxc5 Qxc5 21.Rb5 Qd6 22.Rd1 e5
23.Rd5 Qf6 24.Bxd4 exd4 25.R5xd4 Ne5 26.Rxd8+ Rxd8 27.Rxd8+ Qxd8 28.Bd5 g5
29.Qc3 Qb8 30.h3 Kg7 31.g3 Qb5+ 32.Kd2 f6 33.f4 gxf4 34.gxf4 Ng6 35.f5 Ne5
36.Qg3+ Kh6 37.Qh4+ Kg7 38.Qg3+ Kh6 39.Qe3+ Kh5 40.Bb3 Kh4 41.Kc3 h5 42.Qf2+ Kxh3
43.Qe3+ Kg2 44.Qd2+ Kg3 45.Qe3+ Kg2 46.Qd2+  1/2-1/2

[Event "Bundesliga 9495"]
[Site "Germany"]
[Date "1995.??.??"]
[Round "?"]
[White "Wegner, Hannu"]
[Black "Himmel, Hansjoerg"]
[Result "1-0"]
[WhiteElo "2350"]
[BlackElo "2355"]

1.d4 Nf6 2.c4 g6 3.Nc3 d5 4.cxd5 Nxd5 5.e4 Nxc3 6.bxc3 Bg7 7.Bc4 c5 8.Ne2 Nc6
9.Be3 O-O 10.O-O Qc7 11.Rc1 Rd8 12.Qd2 Qa5 13.Rfd1 Bg4 14.f3 Bd7 15.Bh6 cxd4
16.Bxg7 Kxg7 17.cxd4 Qxd2 18.Rxd2 Na5 19.Bd3 e6 20.Kf2 Ba4 21.Rc5 b6 22.Rc3 Rac8
23.Ba6 Rxc3 24.Nxc3 Bc6 25.Ke3 Kf8 26.h4 h6 27.Rc2 Ke7 28.Nb5 Rd7 29.Rc1 Kd8
30.g4 Ke7 31.g5 hxg5 32.hxg5 Kd8 33.Rc2 Ke8 34.Kd3 Kd8 35.Rh2 Bxb5+ 36.Bxb5 Re7
37.Rh8+ Kc7 38.Re8 Rd7 39.Bxd7 Kxd7 40.Rf8 Ke7 41.Ra8 Nc6 42.f4 Kd6 43.a4 a6
44.Kc3  1-0

[Event "BL9596 (Women)"]
[Site "Germany"]
[Date "1995.??.??"]
[Round "?"]
[White "Bielicki, Birke"]
[Black "Seils, Gundula"]
[Result "1-0"]
[WhiteElo "2085"]
[BlackElo "2070"]

1.d4 Nf6 2.c4 g6 3.Nc3 d5 4.cxd5 Nxd5 5.e4 Nxc3 6.bxc3 Bg7 7.Nf3 c5 8.Rb1 Nc6
9.d5 Ne5 10.Nxe5 Bxe5 11.Qd2 O-O 12.Be2 Qa5 13.Rb3 Bd7 14.f4 Bg7 15.c4 Qc7
16.O-O e6 17.Bb2 exd5 18.Bxg7 Kxg7 19.cxd5 f6 20.h4 c4 21.Rg3 Qc5+ 22.Kh1 Rae8
23.Qe3 Qe7 24.Bf3 Qd6 25.Re1 Rf7 26.e5 fxe5 27.fxe5 Rfe7 28.Rg5 Bf5 29.Rxf5 gxf5
30.exd6  1-0

[Event "NRW-Liga I 9495"]
[Site "Germany"]
[Date "1995.??.??"]
[Round "?"]
[White "Lemanczyk, Thomas"]
[Black "Lehmann, Holger"]
[Result "1-0"]
[WhiteElo "2235"]
[BlackElo "2150"]

1.d4 Nf6 2.c4 g6 3.Nc3 d5 4.cxd5 Nxd5 5.e4 Nxc3 6.bxc3 Bg7 7.Bb5+ c6 8.Ba4 O-O
9.Ne2 c5 10.O-O Qa5 11.f4 Bg4 12.Rf2 Bxe2 13.Rxe2 b5 14.Bb3 c4 15.Bc2 Qxc3
16.Be3 Nc6 17.e5 e6 18.Be4 Rac8 19.a4 bxa4 20.Bxc6 Rxc6 21.Qxa4 Rc7 22.Ra3  1-0

[Event "NRW-Liga I 9495"]
[Site "Germany"]
[Date "1995.??.??"]
[Round "?"]
[White "Lehmann, Holger"]
[Black "Henrichs, Thomas"]
[Result "1-0"]
[WhiteElo "2150"]
[BlackElo "2300"]

1.d4 Nf6 2.c4 g6 3.Nc3 d5 4.cxd5 Nxd5 5.e4 Nxc3 6.bxc3 Bg7 7.Bc4 c5 8.Ne2 Nc6
9.Be3 O-O 10.O-O Qc7 11.Rc1 Rd8 12.Qd2 Qa5 13.Qb2 b6 14.Bd5 Bd7 15.Bg5 Re8
16.h4 Rac8 17.Rfd1 e6 18.Bb3 Qa6 19.dxc5 Ne5 20.cxb6 Bb5 21.Rc2 Bd3 22.Rcd2 Bxe4
23.Nd4 axb6 24.f3 Ba8 25.Re2 Nc4 26.Qc1 e5 27.Nc2 e4 28.Rd7 exf3 29.Rxe8+ Rxe8
30.Qf4 f2+ 31.Qxf2  1-0

[Event "NRW-Liga I 9495"]
[Site "Germany"]
[Date "1995.??.??"]
[Round "?"]
[White "Kniest, Oliver"]
[Black "Dietzel, Jan"]
[Result "1-0"]
[WhiteElo "2165"]
[BlackElo "2325"]

1.d4 Nf6 2.c4 g6 3.Nc3 d5 4.cxd5 Nxd5 5.e4 Nxc3 6.bxc3 Bg7 7.Bc4 c5 8.Ne2 O-O
9.Be3 Nc6 10.Rc1 cxd4 11.cxd4 Qa5+ 12.Kf1 Qa3 13.Qb3 Qxb3 14.Bxb3 Rd8 15.d5 Ne5
16.f4 Nd3 17.Rd1 Nb2 18.Rd2 Bd7 19.Kf2 b6 20.e5 Na4 21.Rc1 Nc5 22.Bxc5 bxc5
23.Rxc5 a5 24.Nd4 a4 25.Bc4 Rac8 26.Rxc8 Rxc8 27.Rc2 Kf8 28.Ke3 e6 29.d6 f6
30.Bxe6 Rxc2 31.Bxd7 Rc3+ 32.Kd2 fxe5 33.Ne6+ Kf7 34.Kxc3 exf4+ 35.Nxg7  1-0

[Event "NRW-Liga I 9495"]
[Site "Germany"]
[Date "1995.??.??"]
[Round "?"]
[White "Henrichs, Thomas"]
[Black "Dietzel, Jan"]
[Result "1-0"]
[WhiteElo "2300"]
[BlackElo "2325"]

1.d4 Nf6 2.c4 g6 3.Nc3 d5 4.cxd5 Nxd5 5.e4 Nxc3 6.bxc3 Bg7 7.Be3 O-O 8.Qd2 c5
9.Nf3 Qa5 10.Rc1 cxd4 11.cxd4 Qxd2+ 12.Kxd2 Rd8 13.Ke1 Nc6 14.d5 Na5 15.Bg5 Bd7
16.Bd3 Rdc8 17.Ke2 e6 18.Bd2 exd5 19.exd5 Re8+ 20.Be3 Rad8 21.Rc5 b6 22.Rc7 Ba4
23.Rxa7 Rxd5 24.Rb1 Rd6 25.Ng5 Bd7 26.Ne4 Rd5 27.Rxd7 Rxd7 28.Bb5 Rdd8 29.Bxe8 Rxe8
30.Nd6 Ra8 31.Rxb6 Be5 32.Bh6 Rd8 33.Ra6 Bxd6 34.Rxa5 Bf8 35.Be3 Rc8 36.a4 Be7
37.Rb5 Ra8 38.a5 Bf6 39.Kd3 Kg7 40.Kc4 Kg8 41.Bb6 Kf8 42.Rb1 Ke8 43.Kb5 Bd8
44.Re1+ Kf8 45.Rd1 Bxb6 46.axb6 Ra2 47.Rd4  1-0

[Event "Landesliga N9495 Bayern"]
[Site "Germany"]
[Date "1995.??.??"]
[Round "1"]
[White "Chloupek, Stanislav"]
[Black "Liepold, Stefan"]
[Result "0-1"]
[WhiteElo "2285"]
[BlackElo "2160"]

1.d4 Nf6 2.c4 g6 3.Nc3 d5 4.cxd5 Nxd5 5.e4 Nxc3 6.bxc3 Bg7 7.Nf3 c5 8.Rb1 O-O
9.Be2 Nc6 10.d5 Bxc3+ 11.Bd2 Bxd2+ 12.Qxd2 Na5 13.h4 Bg4 14.h5 Bxf3 15.gxf3 e5
16.hxg6 fxg6 17.d6 b6 18.Qd5+ Kg7 19.Qxe5+ Qf6 20.Qh2 h5 21.Qg3 Rae8 22.Rxh5 Qc3+
23.Kf1 Rxe4 24.Qh3 gxh5 25.Qg2+ Kh7 26.fxe4 Nc4 27.Qh2 Nd2+ 28.Kg1 Qg7+ 29.Kh1 Nxb1
30.Qxh5+ Qh6 31.e5 Nc3 32.Bd3+ Kg7 33.Qxh6+ Kxh6 34.e6 Nd5 35.Bb5 Nf6 36.e7 Rh8
37.d7 Kg7+ 38.Kg1 Nxd7 39.Bxd7 Kf7 40.e8=Q+ Rxe8 41.Bxe8+ Kxe8 42.Kf1 b5
43.Ke2 Ke7 44.Ke3 Ke6 45.Ke4 c4 46.Kd4 Kf5  0-1

[Event "Landesliga S9495 Bayern"]
[Site "Germany"]
[Date "1995.??.??"]
[Round "1"]
[White "Riedel, Wolfgang"]
[Black "Schmid, Guenter"]
[Result "1/2-1/2"]
[WhiteElo "2310"]
[BlackElo "2275"]

1.d4 Nf6 2.c4 g6 3.Nc3 d5 4.cxd5 Nxd5 5.e4 Nxc3 6.bxc3 Bg7 7.Bc4 c5 8.Ne2 O-O
9.O-O Nc6 10.Be3 Bg4 11.f3 Na5 12.Bd5 cxd4 13.cxd4 Bd7 14.Rb1 a6 15.Qd2 e6
16.Bb3 Bb5 17.Rfd1 Nxb3 18.axb3 Bxe2 19.Qxe2 Rc8 20.Qd2 Qd7 21.d5 exd5 22.Qxd5 Qe7
23.Rbc1 Rxc1 24.Bxc1 Bf6 25.Bf4 Rd8 26.Qxd8+ Qxd8 27.Rxd8+ Bxd8 28.Bd6 f6
29.Kf2 Kf7 30.Ke3 Ke6 31.Bc5 f5 32.exf5+ Kxf5 33.Kd4 Bc7 34.g3 Ke6 35.Ke4 b5
36.f4  1/2-1/2

[Event "Vorarlberg-ch"]
[Site "Goetzis"]
[Date "1995.??.??"]
[Round "?"]
[White "Heinritz, Dietmar"]
[Black "Spiegel, Wilfried"]
[Result "0-1"]
[WhiteElo "1730"]
[BlackElo "1970"]

1.d4 Nf6 2.c4 g6 3.Nc3 d5 4.cxd5 Nxd5 5.e4 Nxc3 6.bxc3 Bg7 7.Nf3 c5 8.Rb1 O-O
9.Be2 b6 10.Be3 cxd4 11.cxd4 e6 12.Qd2 Bb7 13.Bd3 Nc6 14.e5 Rc8 15.h4 h5
16.Rh3 Qd5 17.Rb5 Qd7 18.Rb1 Na5 19.Qe2 Rc7 20.Rg3 Rfc8 21.Ng5 Nc4 22.Nxf7 Qxf7
23.Bxg6 Qd7 24.Qxh5 Nxe3 25.fxe3 Rc1+ 26.Rxc1 Rxc1+ 27.Kd2 Qc7 28.Qh7+ Kf8
29.Bd3 Qc3+ 30.Ke2 Qe1+  0-1

[Event "Goetzis op"]
[Site "Goetzis"]
[Date "1995.??.??"]
[Round "7"]
[White "Vida, Jeno"]
[Black "Spiegel, Wilfried"]
[Result "1/2-1/2"]
[WhiteElo "2025"]
[BlackElo "2225"]

1.d4 Nf6 2.c4 g6 3.Nc3 d5 4.cxd5 Nxd5 5.e4 Nxc3 6.bxc3 Bg7 7.Bc4 c5 8.Ne2 cxd4
9.cxd4 Nc6 10.Be3 O-O 11.O-O Bg4 12.f3 Na5 13.Bxf7+ Rxf7 14.fxg4 Rxf1+ 15.Kxf1 Qd7
16.h3 b5 17.Rb1 Nc4 18.Bf2 Rd8 19.Kg1 e6 20.Qd3 a6 21.a4 Qc6 22.axb5 axb5
23.Kh1 Bh6 24.Nc3 Rb8 25.d5 Qa6 26.dxe6 Qxe6 27.Rxb5 Rf8 28.Nd1 Bf4 29.Qd5 Re8
30.Nc3 Nd6 31.Rb8 Kf7 32.Rxe8 Nxe8 33.Bd4 Nd6 34.Kg1 Bd2 35.e5 Qxd5 36.Nxd5 Nc4
37.Nf6 h6 38.Ne4 Bf4 39.Nd6+ Nxd6 40.exd6 Bxd6 41.Kf2 Ke6 42.Kf3 Kf7 43.Ke4 Ke6
44.Bg7 h5 45.gxh5 gxh5 46.Bd4 Bg3 47.Bg7 Bd6 48.Bh6 Kf6 49.Bf4 Bb4 50.Be5+ Kg6
51.g3 Be1 52.Bf4 Bb4 53.Ke5 Bc3+ 54.Ke6 Bd4 55.Kd5 Bf2 56.Ke4 Bc5 57.h4 Bb4
58.Be5 Be1 59.Bf4 Bb4 60.Kf3 Kf5 61.Be3 Be7  1/2-1/2

[Event "Groningen op"]
[Site "Groningen"]
[Date "1995.??.??"]
[Round "?"]
[White "Hetey, Laszlo"]
[Black "Finkel, Alexander"]
[Result "1-0"]
[WhiteElo "2290"]
[BlackElo "2490"]

1.d4 Nf6 2.c4 g6 3.Nc3 d5 4.cxd5 Nxd5 5.e4 Nxc3 6.bxc3 Bg7 7.Nf3 c5 8.Rb1 O-O
9.Be2 Nc6 10.d5 Ne5 11.Nxe5 Bxe5 12.c4 Qa5+ 13.Bd2 Qxa2 14.O-O Bd7 15.Bd3 Ba4
16.Qc1 Bb3 17.Bc3 Bxc4 18.Bxc4 Qxc4 19.Bxe5 Qxe4 20.Qb2 b6 21.d6 exd6 22.Bxd6 Rfe8
23.g3 h6 24.h4 Qf5 25.Rfe1 g5 26.hxg5 hxg5 27.Be7 f6 28.Bxf6 Kf7 29.Bc3 Kg6
30.Ra1 Qd3 31.Red1 Qe4 32.Rd6+ Kh5 33.Re1 Qf5 34.Qd2 Rxe1+ 35.Qxe1 Rf8 36.Bg7 Rf7
37.Rh6+ Kg4 38.Qe2+ Qf3 39.Qc4+  1-0

[Event "Wch U18"]
[Site "Guarapuava"]
[Date "1995.??.??"]
[Round "11"]
[White "Valenzuela, Luis"]
[Black "Ruck, Robert"]
[Result "1/2-1/2"]
[WhiteElo "2340"]
[BlackElo "2480"]

1.d4 Nf6 2.c4 g6 3.Nc3 d5 4.cxd5 Nxd5 5.e4 Nxc3 6.bxc3 Bg7 7.Nf3 c5 8.Rb1 O-O
9.Be2 b6 10.O-O Bb7 11.Qd3 Ba6 12.Qe3 Qc8 13.Bxa6 Qxa6 14.dxc5 Nd7 15.cxb6 Nxb6
16.Qg5 Qxa2 17.Be3 Nc4 18.Ra1 Qc2 19.Bxa7 Qxe4 20.Rae1 Qc6 21.Qxe7 Rfe8 22.Qc5  1/2-1/2

[Event "Wch U18 Girls"]
[Site "Guarapuava"]
[Date "1995.??.??"]
[Round "11"]
[White "Lomineishvili, Maia"]
[Black "Blazkova, Petra"]
[Result "1-0"]
[WhiteElo "2295"]
[BlackElo "2200"]

1.d4 Nf6 2.c4 g6 3.Nc3 d5 4.cxd5 Nxd5 5.e4 Nxc3 6.bxc3 Bg7 7.Nf3 c5 8.Rb1 O-O
9.Be2 cxd4 10.cxd4 Qa5+ 11.Bd2 Qxa2 12.O-O a5 13.Ra1 Qe6 14.Qc2 Qc6 15.Qb1 Bg4
16.d5 Qd6 17.Rxa5 Rxa5 18.Bxa5 Na6 19.Qxb7 Nc5 20.Qb4 Rb8 21.Qc4 Rc8 22.e5 Qd7
23.e6 Qa4 24.exf7+ Kf8 25.Bb4 Bf5 26.Ng5 Qb3 27.Ne6+ Bxe6 28.dxe6 Qxc4 29.Bxc4 Ne4
30.Rd1 Bf6 31.Ba5 Nd6 32.Bd5 Kg7 33.Bd2 Nf5 34.g4 Nd6 35.Rc1 Rb8 36.Rc7 h6
37.f4 g5 38.fxg5 Bxg5 39.Kf1 Rb1+ 40.Ke2 Rb5 41.Bc4 Rb8 42.Kd3 Rd8 43.Rd7 Rxd7
44.exd7 e5 45.Bb4 e4+ 46.Ke2 Nxf7 47.Bxf7 Kxf7 48.Ba5  1-0

[Event "Gyongyos op "]
[Site "Gyongyos"]
[Date "1995.??.??"]
[Round "?"]
[White "Gladyszev, Oleg"]
[Black "Szabo, Zsolt Jozsef"]
[Result "1-0"]
[WhiteElo "2280"]
[BlackElo "2295"]

1.d4 Nf6 2.c4 g6 3.Nc3 d5 4.cxd5 Nxd5 5.e4 Nxc3 6.bxc3 Bg7 7.Nf3 O-O 8.Be2 c5
9.O-O b6 10.Bg5 cxd4 11.cxd4 Bb7 12.Qd3 Nc6 13.Rad1 Qd7 14.d5 Ne5 15.Nxe5 Bxe5
16.f4 Bg7 17.Bh4 Rfc8 18.e5 Rc5 19.Bf3 Re8 20.Rfe1 f6 21.exf6 Bxf6 22.Bxf6 exf6
23.Rxe8+ Qxe8 24.d6 Bxf3 25.d7 Qd8 26.Qxf3 a5 27.Qb3+ Kf8 28.Qe6  1-0

[Event "Hajduboszormeny Knockout"]
[Site "Hajduboszormeny"]
[Date "1995.??.??"]
[Round "1"]
[White "Mester, Gyula"]
[Black "Kis, Bela"]
[Result "1-0"]
[WhiteElo "2340"]
[BlackElo "2120"]

1.d4 Nf6 2.c4 g6 3.Nc3 d5 4.cxd5 Nxd5 5.e4 Nxc3 6.bxc3 Bg7 7.Bb5+ Bd7 8.Be2 c5
9.Nf3 O-O 10.O-O Nc6 11.Rb1 b6 12.d5 Na5 13.e5 Bg4 14.Bf4 c4 15.h3 Bf5 16.Rb2 Rc8
17.Rd2 b5 18.d6 exd6 19.Rxd6 Qe8 20.Nd4 Be4 21.Bg4 Bxe5 22.Bxe5 Qxe5 23.Ra6 f5
24.Bxf5 Bxf5 25.Rxa5 Rc5 26.Nxf5 Qxf5 27.Rxa7 Rd5 28.Qe2 Rd3 29.a4 bxa4 30.Rxa4 Rxc3
31.Rxc4 Rxc4 32.Qxc4+ Kg7 33.Qd4+ Qf6 34.Qc5 Rf7 35.Re1 Qb2 36.g4 Qf6 37.g5 Qf3
38.Qd4+ Kg8 39.Re8+ Rf8 40.Qc4+ Kh8 41.Qd4+ Kg8 42.Rxf8+ Qxf8 43.Kg2 Qf5
44.h4 Kf7 45.Kg3 Kg8 46.Qc4+ Kg7 47.Qc7+ Kg8 48.Qf4 Qd5 49.f3 Qd1 50.Qc4+ Kg7
51.Kf4 Qe1 52.Qd4+ Kg8 53.Qd5+ Kf8 54.Qc5+ Kf7 55.Qc7+ Kg8 56.Qd8+ Kf7 57.Qd7+ Kg8
58.h5 Qh4+ 59.Qg4 Qh2+ 60.Qg3 Qxh5 61.Ke5 h6 62.Kf6 Qxg5+ 63.Qxg5 hxg5 64.Kxg6  1-0

[Event "Hajduszoboszlo"]
[Site "Hajduszoboszlo"]
[Date "1995.??.??"]
[Round "7"]
[White "Mester, Gyula"]
[Black "Krutti, Valer"]
[Result "1-0"]
[WhiteElo "2270"]
[BlackElo "2415"]

1.d4 Nf6 2.c4 g6 3.Nc3 d5 4.cxd5 Nxd5 5.e4 Nxc3 6.bxc3 Bg7 7.Bc4 c5 8.Be3 Nc6
9.Ne2 O-O 10.O-O Na5 11.Bd3 Bg4 12.Qd2 Rc8 13.Rac1 e5 14.d5 b6 15.f3 Bd7
16.f4 exf4 17.Bxf4 Qe7 18.Rce1 Be5 19.Bg5 Qd6 20.Nf4 c4 21.Bc2 Nb7 22.Re3 Nc5
23.Bh6 Rfe8 24.Ref3 Re7 25.Qf2 f6 26.h4 Kh8 27.Rg3 Nd3 28.Bxd3 cxd3 29.Rxd3 Bb5
30.c4 Bxc4 31.Rc1 Rec7 32.Rdd1 Rf7 33.h5 gxh5 34.Ne6 b5 35.Qf5 Rg8 36.Rc2 Re7
37.Rf2 Qa3 38.Bf4 Qa4 39.Rdf1 Bxf1 40.Bxe5 Rxe6 41.Qxe6 fxe5 42.Qxe5+  1-0

[Event "Wch U20"]
[Site "Halle"]
[Date "1995.??.??"]
[Round "5"]
[White "Pelletier, Yannick"]
[Black "Rowson, Jonathan"]
[Result "1/2-1/2"]
[WhiteElo "2460"]
[BlackElo "2400"]

1.d4 Nf6 2.c4 g6 3.Nc3 d5 4.cxd5 Nxd5 5.e4 Nxc3 6.bxc3 Bg7 7.Nf3 c5 8.Rb1 O-O
9.Be2 cxd4 10.cxd4 Qa5+ 11.Bd2 Qxa2 12.O-O a5 13.d5 e6 14.Bg5 exd5 15.exd5 a4
16.Rc1 Qb3 17.Qd2 Bf5 18.Bh6 Qb2 19.Bxg7 Qxd2 20.Nxd2 Kxg7 21.g4 Bd7 22.Rc7 b5
23.Rb7 Rd8 24.Rc1 a3 25.Nb3 Na6 26.Nd4 a2 27.Ra1 Nb4 28.Bxb5 Bxg4 29.Bc4 Nxd5
30.Rxa2 Rxa2 31.Bxa2 Nc3 32.Ne6+ Bxe6 33.Bxe6 Rf8 34.Bc4 Ne4 35.Rd7 Nf6 36.Rc7 Ng4
37.Kg2 Nh6 38.h3 Rd8 39.Bb3 Rd4 40.Rb7 Rf4 41.Ba2 Rf6 42.Bb1 Re6 43.Ba2 Rf6
44.Bb1 Ng8 45.Ba2 h5 46.Bd5 Nh6 47.Be4 Re6 48.Bd5 Re5 49.Bb3 Kf8 50.Bc2 Re7
51.Rb8+ Kg7 52.Rb6 Ng8 53.Bb3 Rd7 54.Ba4 Rc7 55.Bc6 Ne7 56.Rb7 Rxb7 57.Bxb7 Kf6
58.Ba6 Ke5 59.Bc4 f6 60.Bf7 Kf4 61.Kg1 h4 62.Kg2 g5 63.Be6 Ke4 64.Bd7 Ng6
65.Bc6+ Kd4 66.Bd7 Ne5 67.Bc8 Kd3 68.Be6 Ke2 69.Bc8 Kd2 70.Be6 Ke2 71.Bc8 Ng6
72.Bd7 Nf4+ 73.Kg1 Nd3 74.Bb5 f5 75.Kg2 f4 76.Ba6 f3+ 77.Kg1 Kd2 78.Kf1 Nf4
79.Bc8 Kd3 80.Bf5+ Kd4 81.Bc8 Ke4 82.Bd7 Ne2 83.Bc8 Kf4 84.Bd7 Nc3 85.Bc8 Ne4
86.Kg1 Nc5 87.Kf1 Nd3 88.Kg1 Ne5 89.Be6 g4 90.hxg4 Nxg4 91.Bxg4 Kxg4 92.Kh2 Kg5
93.Kh3 Kh5 94.Kh2 Kg4 95.Kh1 Kf4  1/2-1/2

[Event "Wch U20"]
[Site "Halle"]
[Date "1995.??.??"]
[Round "13"]
[White "Kumaran, Dharshan"]
[Black "Oral, Tomas"]
[Result "0-1"]
[WhiteElo "2500"]
[BlackElo "2410"]

1.d4 Nf6 2.c4 g6 3.Nc3 d5 4.cxd5 Nxd5 5.e4 Nxc3 6.bxc3 Bg7 7.Bb5+ Bd7 8.Be2 c5
9.Nf3 Nc6 10.h3 O-O 11.O-O Na5 12.Rb1 Rc8 13.Bg5 h6 14.Be3 Kh7 15.dxc5 Qc7
16.Nd4 Rfd8 17.Qc2 e5 18.Nb5 Bxb5 19.Rxb5 a6 20.Rb6 Bf8 21.Qa4 Bxc5 22.Qxa5 Qxb6
23.Qxb6 Bxb6 24.Bxb6 Rd2 25.Re1 Rxa2 26.c4 a5 27.c5 a4 28.Bc4 Rb2 29.Bd5 a3
30.Ra1 Ra8 31.Kh2 a2 32.Bxf7 Kg7 33.Bd5 g5 34.Kg3 h5 35.h4 Ra3+ 36.f3 gxh4+
37.Kh3 Rb1 38.Bc7 Kf6 39.Bd8+ Kg6  0-1

[Event "Wichern op"]
[Site "Hamburg"]
[Date "1995.??.??"]
[Round "7"]
[White "Reeh, Oliver"]
[Black "Wilhelmi, Christian"]
[Result "1-0"]
[WhiteElo "2445"]
[BlackElo "2315"]

1.d4 Nf6 2.c4 g6 3.Nc3 d5 4.cxd5 Nxd5 5.e4 Nxc3 6.bxc3 Bg7 7.Bb5+ c6 8.Ba4 b5
9.Bb3 a5 10.Qf3 O-O 11.Ne2 a4 12.Bc2 Nd7 13.e5 Bb7 14.h4 Re8 15.e6 Nf6 16.h5 Bc8
17.Nf4 g5 18.exf7+ Kxf7 19.Nd3 Qd5 20.Ne5+ Kg8 21.h6 Bh8 22.Bxg5 c5 23.Qg3 Kf8
24.Be3 Bb7 25.f3 Red8 26.Be4 Nxe4 27.fxe4 Qe6 28.O-O+ Bf6 29.d5 Qg8 30.Rxf6+  1-0

[Event "Hania op"]
[Site "Hania"]
[Date "1995.??.??"]
[Round "2"]
[White "Lirindzakis, Timotheos"]
[Black "Gikas, Basilius"]
[Result "1/2-1/2"]
[WhiteElo "2395"]
[BlackElo "2080"]

1.d4 Nf6 2.c4 g6 3.Nc3 d5 4.cxd5 Nxd5 5.e4 Nxc3 6.bxc3 Bg7 7.Nf3 c5 8.Rb1 O-O
9.Be2 cxd4 10.cxd4 Qa5+ 11.Bd2 Qxa2 12.O-O Bg4 13.Bg5 h6 14.Be3 b6 15.h3 Bc8
16.Ra1 Qe6 17.Qc2 Bb7 18.d5 Qd6 19.Rac1 Na6 20.Qa4 Nc5 21.Qb4 Rfc8 22.Rfd1 a5
23.Qb1 Kh7 24.e5 Qb8 25.Bf4 Ba6 26.Bxa6 Rxa6 27.Bg3 Qb7 28.h4 Kg8 29.d6 exd6
30.exd6 Raa8 31.Qb5 Ne4 32.Bf4 Nc3 33.Rxc3 Bxc3 34.Bxh6 Qc6 35.Qd3  1/2-1/2

[Event "Heraklio op"]
[Site "Heraklio"]
[Date "1995.??.??"]
[Round "7"]
[White "Shipov, Sergei"]
[Black "Golod, Vitali"]
[Result "1/2-1/2"]
[WhiteElo "2510"]
[BlackElo "2545"]

1.d4 Nf6 2.c4 g6 3.Nc3 d5 4.cxd5 Nxd5 5.e4 Nxc3 6.bxc3 Bg7 7.Nf3 c5 8.Rb1 O-O
9.Be2 Nc6 10.d5 Ne5 11.Nxe5 Bxe5 12.Qd2 e6 13.f4 Bc7 14.Bc4 a6 15.a4 Qe8  1/2-1/2

[Event "Hofheim MVT"]
[Site "Hofheim"]
[Date "1995.??.??"]
[Round "1"]
[White "Alber, Horst"]
[Black "Hoehn, Michael"]
[Result "1-0"]
[WhiteElo "2295"]
[BlackElo "2010"]

1.d4 Nf6 2.c4 g6 3.Nc3 d5 4.cxd5 Nxd5 5.e4 Nxc3 6.bxc3 Bg7 7.Nf3 O-O 8.Rb1 c5
9.Be2 cxd4 10.cxd4 b6 11.O-O Bb7 12.Qd3 Nd7 13.Rd1 Rc8 14.Be3 e6 15.Rbc1 Rxc1
16.Rxc1 Nf6 17.Nd2 Qa8 18.f3 Rc8 19.Rxc8+ Qxc8 20.Kf2 Qd7 21.Nc4 Ne8 22.Qa3 Bc8
23.Ne5 Qb7 24.Qa4 Nd6 25.Bd3 h5 26.g3 b5 27.Qa5 Bf6 28.Nxg6 fxg6 29.e5 Nc4
30.Bxc4 bxc4 31.exf6 Qb2+ 32.Kg1 Qb1+ 33.Kg2 Qb2+ 34.Kg1 Qb1+ 35.Kg2 Qb2+
36.Kh3 e5+ 37.g4 hxg4+ 38.fxg4 Bxg4+ 39.Kg3 Qb7 40.d5 Qd7 41.Qxa7 Kf7 42.Qxd7+ Bxd7
43.Bg5 c3 44.Kf3 c2 45.Ke2 c1=N+ 46.Bxc1 Kxf6 47.Kd3 Bf5+ 48.Kc4 Ke7 49.a4 Bg4
50.Kc5 Kd7 51.a5 Be2 52.Bb2 e4 53.h4 Bd3 54.Bc1 Be2 55.Kd4 Bd3 56.Ke5 Ke7
57.Be3 Kd7 58.Bc5 Kc7 59.Ke6  1-0

[Event "HUN-chT1"]
[Site "HUN"]
[Date "1995.??.??"]
[Round "?"]
[White "Hardicsay, Peter"]
[Black "Schneider, Attila"]
[Result "1/2-1/2"]
[WhiteElo "2365"]
[BlackElo "2360"]

1.d4 Nf6 2.c4 g6 3.Nc3 d5 4.cxd5 Nxd5 5.e4 Nxc3 6.bxc3 Bg7 7.Bb5+ c6 8.Ba4 b5
9.Bb3 b4 10.Bb2 bxc3 11.Bxc3 O-O 12.Qd2 Bb7 13.Ne2 Nd7 14.O-O e5 15.Rad1 Qh4
16.Ng3 exd4 17.Bxd4 Ne5 18.Qa5 Rfe8 19.h3 c5  1/2-1/2

[Event "HUN-chT1"]
[Site "HUN"]
[Date "1995.??.??"]
[Round "?"]
[White "Gyimesi, Zoltan"]
[Black "Feher, Gyula"]
[Result "1/2-1/2"]
[WhiteElo "2500"]
[BlackElo "2420"]

1.d4 Nf6 2.c4 g6 3.Nc3 d5 4.cxd5 Nxd5 5.e4 Nxc3 6.bxc3 Bg7 7.Bb5+ c6 8.Ba4 b5
9.Bb3 b4 10.cxb4 Qxd4 11.Qxd4 Bxd4 12.Rb1 Ba6 13.Bb2 Bxb2 14.Rxb2 Nd7 15.Nf3 O-O
16.Rd2 Rfd8 17.e5 e6 18.Rd6 g5 19.Rxc6 Bb7 20.Rc7 Bxf3 21.gxf3 Nxe5 22.Ke2 Rd4
23.Rc5 Ng6 24.Rxg5 Rxb4 25.Rc1 Rd8 26.Rc7 Rbd4 27.Rxa7 Rd2+ 28.Ke1 Rb2 29.Rc7 Rdd2
30.Rgc5 Re2+ 31.Kd1 Rxf2 32.Rc2 Rbxc2 33.Bxc2 Rxf3 34.a4 Nf4 35.Be4 Ra3 36.Bxh7+ Kg7
37.Bc2 Nd5 38.Ra7 Ne3+ 39.Kd2 Nc4+ 40.Ke2 Rh3 41.Rc7 Nb6 42.Rb7 Rxh2+ 43.Kd3 Rh3+
44.Ke2 Nd5 45.Bb3 Nc3+ 46.Kf2 Kf6 47.a5 Rh1 48.Kg2 Ra1 49.Ra7 Nb5 50.Ra8 Ke5
51.Bc4 Nd4 52.a6 f5 53.a7 Ra3 54.Kf2 Ra5 55.Kg2 Ra3 56.Kf2 Ra5  1/2-1/2

[Event "HUN-chT1"]
[Site "HUN"]
[Date "1995.??.??"]
[Round "?"]
[White "Kis, Bela"]
[Black "Albert, Kornelia"]
[Result "0-1"]
[WhiteElo "2075"]
[BlackElo "2110"]

1.d4 Nf6 2.c4 g6 3.Nc3 d5 4.cxd5 Nxd5 5.e4 Nxc3 6.bxc3 Bg7 7.Bc4 O-O 8.Ne2 c5
9.Be3 Nc6 10.O-O Qa5 11.Rb1 cxd4 12.cxd4 Rd8 13.Qb3 e6 14.d5 exd5 15.Bxd5 Qc7
16.Rfc1 Qe7 17.Rxc6 bxc6 18.Bxc6 Be6 19.Qa4 Bd7 20.f3 Bxc6 21.Qxc6 Qa3 22.Bg5 Rac8  0-1

[Event "HUN-chT1"]
[Site "HUN"]
[Date "1995.??.??"]
[Round "?"]
[White "Vegh, Endre"]
[Black "Certek, Pavel"]
[Result "1-0"]
[WhiteElo "2345"]
[BlackElo "2285"]

1.d4 Nf6 2.c4 g6 3.Nc3 d5 4.cxd5 Nxd5 5.e4 Nxc3 6.bxc3 Bg7 7.Bc4 c5 8.Ne2 Nc6
9.Be3 cxd4 10.cxd4 Qa5+ 11.Bd2 Qa3 12.O-O O-O 13.Bc3 Rd8 14.Qd2 e6 15.Rad1 b6
16.f4 Ba6 17.Bxa6 Qxa6 18.d5 exd5 19.Bxg7 Kxg7 20.exd5 Ne7 21.d6 Ng8 22.f5 Qa5
23.Qb2+ f6 24.Nd4 Qc5 25.Kh1 Rxd6 26.Ne6+ Rxe6 27.fxe6 Re8 28.Rd7+ Re7 29.Rxe7+ Qxe7
30.Qe2 f5 31.Rd1 Nf6 32.Qe5 Kg8 33.Rc1 Ne8 34.Rc8 h5 35.h3 h4 36.Qb5 Kf8
37.Qe5 Kg8 38.Qb5 Kf8 39.Qd7 b5 40.Ra8 a5 41.Rxa5 Qf6 42.Rxb5 g5 43.Rxf5  1-0